000 01065nam a22003258i 4500
001 021367638
003 EG-ScBUE
005 20251006091632.0
008 240430s2024 enk f b 001 0 eng d
020 _a9781009414081
040 _aStDuBDS
_beng
_erda
_cStDuBDS
_dEG-ScBUE
082 0 4 _a341.2
_222
_bHUR
100 1 _aHurd, Ian,
_eauthor.
245 1 0 _aInternational organizations :
_bpolitics, law, practice /
_cIan Hurd, Northwestern University.
250 _aFifth edition.
264 1 _aCambridge :
_bCambridge University Press,
_c2024.
300 _a375 pages ;
_c25 cm
336 _atext
_2rdacontent
_btxt
337 _aunmediated
_2rdamedia
_bn
338 _avolume
_2rdacarrier
_bnc
500 _aPrevious edition: 2021.
504 _aIncludes bibliographical references and index.
650 7 _aInternational agencies.
_2BUEsh
650 7 _aInternational organization.
_2BUEsh
650 7 _aInternational law.
_2BUEsh
653 _cOctober2025
_bBUSBOL
655 _vReading book
776 0 8 _iebook version :
_z9781009414104
942 _2ddc
_cBB
999 _c30999
_d30970